UK Party Leaders - Statistics

General Stats
  • This quiz has been taken 9 times
  • The average score is 7 of 15
Answer Stats
Hint Answer % Correct
Labour Sir Keir Starmer
100%
Conservative Kemi Badenoch
89%
Reform UK Nigel Farage
89%
Your Party (Parliamentary) Jeremy Corbyn
67%
Liberal Democrats Sir Ed Davey
67%
SNP (Scotland) John Swinney
56%
Green (London) Zack Polanski
56%
Restore Britain Rupert Lowe
44%
Sinn Féin (Ireland) Mary Lou McDonald
33%
SDLP Claire Hanna
11%
DUP Gavin Robinson
11%
TUV Jim Allister
11%
UUP (Northern Ireland) Jon Burrows
11%
Alliance (Northern Ireland) Naomi Long
11%
Plaid Cymru (Wales) Rhun ap Iorwerth
0%
No matching quizzes found
Score Distribution
Percent of People with Each Score
Percentile by Number Answered
Your Score History
You have not taken this quiz